[Event "4NCL/Div3/FPONTY vs. WES2"]
[Site "Hinckley Island ENG"]
[Date "2010.01.17"]
[Round "4.4"]
[White "Taylor-Bowd, Philip J"]
[Black "Adams, Mark A"]
[Result "1/2-1/2"]
[WhiteElo "2043"]
[BlackElo "2026"]
[PlyCount "55"]
[EventDate "2010.01.17"]
[SourceDate "2009.10.24"]

1. e4 c5 2. Nf3 a6 3. c4 e6 4. Nc3 Qc7 5. d4 cxd4 6. Nxd4 Nf6 7. Be2 Bb4 8. Qc2
Qe5 9. Be3 Bxc3+ 10. Qxc3 Nxe4 11. Qc2 Qa5+ 12. Kf1 f5 13. a3 O-O 14. b4 Qd8
15. Rd1 Qe8 16. Nb3 Qg6 17. Nc5 Nxc5 18. Bxc5 Re8 19. Bf3 Nc6 20. Qe2 Qf6 21.
g3 Nd8 22. Kg2 Nf7 23. Bd6 Ng5 24. Be5 Qe7 25. Bd6 Qf6 26. Be5 Qe7 27. Bd6 Qf6
28. Be5 1/2-1/2

[Event "4NCL/Div3/FPONTY vs. WES2"]
[Site "Hinckley Island ENG"]
[Date "2010.01.17"]
[Round "4.5"]
[White "Dixon, Chris"]
[Black "Clark, Ian C"]
[Result "1/2-1/2"]
[WhiteElo "1953"]
[BlackElo "2072"]
[PlyCount "81"]
[EventDate "2010.01.17"]
[SourceDate "2009.10.24"]

1. e4 c5 2. Nc3 Nc6 3. g3 g6 4. Bg2 Bg7 5. d3 e6 6. f4 d6 7. Nf3 Nge7 8. O-O
O-O 9. Be3 Rb8 10. Qd2 b5 11. g4 b4 12. Nd1 f5 13. gxf5 exf5 14. Qf2 Qc7 15.
Nh4 a5 16. exf5 Nxf5 17. Nxf5 Bxf5 18. Qd2 a4 19. Rb1 Kh8 20. Nf2 Rfe8 21. Kh1
Be6 22. b3 axb3 23. axb3 Nd4 24. Ne4 Nf5 25. Bf2 Bd5 26. Rbe1 Qc6 27. Qd1 Bc3
28. Re2 Ra8 29. Rg1 Ra1 30. Qxa1 Bxa1 31. Rxa1 Ra8 32. Ree1 Rxa1 33. Rxa1 Qb7
34. Kg1 h6 35. Kf1 Qg7 36. Ra2 Qb7 37. Ke2 Qe7 38. Kd2 Qb7 39. Ke2 Kg7 40. Kd2
Kh8 41. Ke2 1/2-1/2

[Event "4NCL/Div3/FPONTY vs. WES2"]
[Site "Hinckley Island ENG"]
[Date "2010.01.17"]
[Round "4.6"]
[White "Gregory, Keith DF"]
[Black "Gilbert, Colin"]
[Result "1-0"]
[WhiteElo "2056"]
[BlackElo "1864"]
[PlyCount "91"]
[EventDate "2010.01.17"]
[SourceDate "2009.10.24"]

1. Nf3 Nf6 2. g3 b6 3. Bg2 Bb7 4. O-O d5 5. c4 e6 6. b3 Be7 7. Bb2 O-O 8. d3
Nbd7 9. Nbd2 c5 10. Qc2 d4 11. b4 Qc7 12. bxc5 bxc5 13. Rfb1 Rab8 14. Bc1 Bc6
15. Ne1 Bxg2 16. Nxg2 Rxb1 17. Rxb1 Rb8 18. Rb3 Rxb3 19. Nxb3 Bd6 20. Bd2 h6
21. Na5 Nb6 22. Ne1 Nfd7 23. Qb3 a6 24. Qa3 h5 25. Nb3 h4 26. Qxa6 hxg3 27.
hxg3 Nb8 28. Qb5 Qa7 29. Qe8+ Kh7 30. Nf3 Na4 31. Ng5+ Kg6 32. Nxf7 Qxf7 33.
Qxa4 Nd7 34. Qc6 Qe7 35. a4 Nf6 36. a5 Nh5 37. Qe4+ Kf7 38. Qf3+ Nf6 39. a6 Bb8
40. Na5 Qc7 41. Nc6 Qb6 42. Nxb8 Qb1+ 43. Kg2 Qxb8 44. Qb7+ Qxb7+ 45. axb7 Nd7
46. Bf4 1-0

[Event "4NCL/Div3/BCA vs. GLOSG"]
[Site "Hinckley Island ENG"]
[Date "2010.01.17"]
[Round "4.1"]
[White "Crouch, Colin S"]
[Black "Hosken, Nigel K"]
[Result "1-0"]
[WhiteElo "2346"]
[BlackElo "2109"]
[PlyCount "49"]
[EventDate "2010.01.17"]
[SourceDate "2009.10.24"]

1. d4 d5 2. c4 c6 3. Nf3 Nf6 4. Nbd2 e6 5. e3 Nbd7 6. Bd3 Bd6 7. O-O O-O 8. e4
e5 9. cxd5 exd4 10. Nc4 Bc5 11. dxc6 bxc6 12. e5 Nd5 13. Ng5 h6 14. Qh5 Be7 15.
Nxf7 Rxf7 16. e6 Rf6 17. exd7 Bxd7 18. Ne5 Be8 19. Qg4 c5 20. Qe4 Kf8 21. Bd2
Rb8 22. Rae1 Rxb2 23. Qh7 Bf7 24. Qh8+ Bg8 25. Bh7 1-0

[Event "4NCL/Div3/BCA vs. GLOSG"]
[Site "Hinckley Island ENG"]
[Date "2010.01.17"]
[Round "4.2"]
[White "Waterfield, John W"]
[Black "Mordue, A Tyson"]
[Result "1/2-1/2"]
[WhiteElo "1988"]
[BlackElo "2286"]
[PlyCount "99"]
[EventDate "2010.01.17"]
[SourceDate "2009.10.24"]

1. e4 c5 2. c3 d5 3. exd5 Qxd5 4. d4 e6 5. Nf3 Nf6 6. Bd3 Be7 7. O-O cxd4 8.
cxd4 Nc6 9. Nc3 Qd6 10. a3 O-O 11. Bc2 b6 12. Qd3 Bb7 13. Bg5 g6 14. Rad1 Rfd8
15. Bb3 Rac8 16. Qe2 Na5 17. Nb5 Bxf3 18. Qxf3 Qc6 19. Qxc6 Nxc6 20. Bxf6 Bxf6
21. d5 exd5 22. Bxd5 Bxb2 23. Bxc6 Rxd1 24. Rxd1 Rxc6 25. Nxa7 Rc5 26. g3 Bxa3
27. Rd8+ Kg7 28. Rb8 Rc1+ 29. Kg2 Bc5 30. Nc8 Rb1 31. f4 Rb2+ 32. Kf3 Rxh2 33.
Nxb6 f5 34. g4 Rh3+ 35. Kg2 fxg4 36. Rb7+ Kh6 37. Nd7 Rc3 38. Nf6 g5 39. fxg5+
Kg6 40. Nxg4 Kxg5 41. Rg7+ Kf4 42. Nf6 Rc2+ 43. Kh3 Rc3+ 44. Kg2 Rc2+ 45. Kh3
h6 46. Rc7 Kf5 47. Nd7 Rc3+ 48. Kg2 Rg3+ 49. Kxg3 Bd6+ 50. Kh4 1/2-1/2

[Event "4NCL/Div3/BCA vs. GLOSG"]
[Site "Hinckley Island ENG"]
[Date "2010.01.17"]
[Round "4.3"]
[White "Ross, Chris N"]
[Black "Taylor, Geoffrey P"]
[Result "1/2-1/2"]
[WhiteElo "2207"]
[BlackElo "1962"]
[PlyCount "56"]
[EventDate "2010.01.17"]
[SourceDate "2009.10.24"]

1. e4 c5 2. Nf3 d6 3. Bb5+ Bd7 4. Bxd7+ Qxd7 5. O-O Nc6 6. c3 Nf6 7. Re1 e6 8.
d4 cxd4 9. cxd4 d5 10. e5 Ne4 11. Nbd2 Nxd2 12. Bxd2 Be7 13. Qe2 O-O 14. h4
Rac8 15. h5 Rfe8 16. Qe3 Qd8 17. Qf4 h6 18. Qg4 Kh7 19. Re2 Rg8 20. g3 Qb6 21.
Be3 Na5 22. b3 Qb5 23. Kg2 Rc7 24. Rh1 Rgc8 25. Ne1 Bb4 26. f4 Bxe1 27. Rhxe1
Qd3 28. Bf2 Nc6 1/2-1/2

[Event "4NCL/Div3/BCA vs. GLOSG"]
[Site "Hinckley Island ENG"]
[Date "2010.01.17"]
[Round "4.4"]
[White "Meade, Philip J"]
[Black "Armstrong, William G"]
[Result "1/2-1/2"]
[WhiteElo "1960"]
[BlackElo "1966"]
[PlyCount "66"]
[EventDate "2010.01.17"]
[SourceDate "2009.10.24"]

1. e4 c5 2. Nf3 Nc6 3. Bb5 g6 4. O-O Bg7 5. Re1 e5 6. c3 Nge7 7. a4 O-O 8. d3
b6 9. Bg5 Qe8 10. Qd2 Na5 11. Bc4 Nxc4 12. dxc4 Bb7 13. Na3 a6 14. Rad1 Rd8 15.
Qd6 f6 16. Qxb6 fxg5 17. Qxb7 g4 18. Nh4 Qf7 19. Re2 Bf6 20. g3 Bxh4 21. gxh4
Qf3 22. Rdd2 Qf6 23. Rxd7 Rxd7 24. Qxd7 Qxh4 25. Rd2 h5 26. Nc2 Qf6 27. Qd6 Qg5
28. Ne3 Rf7 29. Nd5 Nc8 30. Qxa6 Qxd2 31. Qxc8+ Kg7 32. Qxc5 Qd1+ 33. Kg2 Qf3+
1/2-1/2

[Event "4NCL/Div3/BCA vs. GLOSG"]
[Site "Hinckley Island ENG"]
[Date "2010.01.17"]
[Round "4.5"]
[White "Burnell, Steve"]
[Black "Dodwell, Phil"]
[Result "1/2-1/2"]
[WhiteElo "1898"]
[BlackElo "1978"]
[PlyCount "52"]
[EventDate "2010.01.17"]
[SourceDate "2009.10.24"]

1. d4 f5 2. Nf3 Nf6 3. g3 e6 4. Bg2 Be7 5. O-O O-O 6. c4 d6 7. Nc3 Ne4 8. Qc2
Nxc3 9. Qxc3 a5 10. a3 a4 11. Bd2 Nd7 12. Qc2 e5 13. dxe5 dxe5 14. Bc3 e4 15.
Ne5 Nc5 16. f3 Bd6 17. fxe4 Qe7 18. Nd3 Nxe4 19. Bb4 c5 20. Bd2 Bd7 21. Bf4 Bc6
22. Bxd6 Qxd6 23. Rad1 Qe7 24. Nf4 Rfe8 25. Nd5 Qe5 26. Qc1 Rad8 1/2-1/2

[Event "4NCL/Div3/BCA vs. GLOSG"]
[Site "Hinckley Island ENG"]
[Date "2010.01.17"]
[Round "4.6"]
[White "Blencowe, Ian P"]
[Black "Andrews, Norman G"]
[Result "1/2-1/2"]
[WhiteElo "1674"]
[BlackElo "1738"]
[PlyCount "47"]
[EventDate "2010.01.17"]
[SourceDate "2009.10.24"]

1. d4 d6 2. Nf3 Nf6 3. c4 b6 4. Nc3 Bb7 5. e3 Nbd7 6. b4 e5 7. Bb2 Be7 8. Be2
O-O 9. O-O Re8 10. Qb3 e4 11. Ng5 h6 12. Nh3 Bf8 13. Na4 Qe7 14. Rae1 Rab8 15.
g3 d5 16. c5 bxc5 17. Nxc5 Nxc5 18. dxc5 Bc8 19. Kg2 Qd7 20. Ng1 Bxc5 21. a3
Be7 22. Qc3 Bf8 23. Rc1 c5 24. bxc5 1/2-1/2

[Event "4NCL/Div3/AMCAR vs. NOTT2"]
[Site "Hinckley Island ENG"]
[Date "2010.01.17"]
[Round "4.2"]
[White "Combie, Alexander"]
[Black "Sparkes, Daniel A"]
[Result "1-0"]
[WhiteElo "1945"]
[BlackElo "2066"]
[PlyCount "75"]
[EventDate "2010.01.17"]
[SourceDate "2009.10.24"]

1. d4 Nf6 2. c4 c5 3. d5 b5 4. cxb5 a6 5. e3 g6 6. Nc3 d6 7. bxa6 Bxa6 8. Bxa6
Nxa6 9. f4 Qa5 10. Nf3 Ne4 11. Bd2 Nxd2 12. Qxd2 Bg7 13. e4 O-O 14. O-O Ra7 15.
e5 Rb8 16. b3 Nc7 17. Qd3 Rb4 18. g3 Qb6 19. Kh1 Qb7 20. Rfd1 Nb5 21. Nxb5 Rxb5
22. Re1 Ra8 23. Re3 dxe5 24. fxe5 Rd8 25. Rd1 Rb4 26. Kg2 Bh6 27. Re2 e6 28. d6
Rd4 29. Qc2 Qd5 30. Rxd4 cxd4 31. Qe4 Be3 32. Qxd5 exd5 33. Re1 f6 34. e6 Rxd6
35. Nxd4 Kf8 36. Rxe3 Ke7 37. b4 Rb6 38. b5 1-0

[Event "4NCL/Div3/AMCAR vs. NOTT2"]
[Site "Hinckley Island ENG"]
[Date "2010.01.17"]
[Round "4.3"]
[White "Tart, Peter K"]
[Black "Webster, Richard J"]
[Result "0-1"]
[WhiteElo "2078"]
[BlackElo "1969"]
[PlyCount "82"]
[EventDate "2010.01.17"]
[SourceDate "2009.10.24"]

1. e4 e6 2. d4 d5 3. c4 dxe4 4. Nc3 Nc6 5. d5 Nce7 6. Bf4 Ng6 7. Bg3 f5 8. Qa4+
Bd7 9. Nb5 e5 10. Qa5 b6 11. Qc3 a6 12. Bh4 Qc8 13. Be2 axb5 14. Bh5 Bd6 15.
Nh3 Kf8 16. Bg5 Ra4 17. O-O Rxc4 18. Qe1 f4 19. f3 e3 20. Rc1 h6 21. Rxc4 bxc4
22. Bxg6 Bxh3 23. Qh4 Bd7 24. g3 Ne7 25. Bxe7+ Bxe7 26. Qh5 Bf6 27. gxf4 exf4
28. d6 Be8 29. Rd1 Bxg6 30. Qxg6 e2 31. Re1 Qe8 32. Qc2 Qe3+ 33. Kg2 Qd3 34.
Qa4 Qxd6 35. Rxe2 Be7 36. Qa8+ Qd8 37. Qe4 Qe8 38. Qxf4+ Qf7 39. Qxc7 Qg6+ 40.
Kf2 Bc5+ 41. Kf1 Qg1# 0-1

[Event "4NCL/Div3/AMCAR vs. NOTT2"]
[Site "Hinckley Island ENG"]
[Date "2010.01.17"]
[Round "4.4"]
[White "Burke, Steven J"]
[Black "Stayt, James N"]
[Result "1/2-1/2"]
[WhiteElo "1954"]
[BlackElo "1996"]
[PlyCount "47"]
[EventDate "2010.01.17"]
[SourceDate "2009.10.24"]

1. f4 d5 2. Nf3 Nf6 3. e3 c5 4. b3 Nc6 5. Bb5 Bd7 6. Bxc6 Bxc6 7. Ne5 Qc7 8. d3
e6 9. O-O Nd7 10. Nxc6 Qxc6 11. Bb2 f6 12. Qf3 O-O-O 13. c4 Nb8 14. cxd5 Qxd5
15. Qxd5 Rxd5 16. Rd1 Nc6 17. Nc3 Rd7 18. Rac1 Be7 19. Kf2 Rhd8 20. Ke2 b6 21.
Ba3 Kb7 22. g4 c4 23. Bxe7 cxd3+ 24. Rxd3 1/2-1/2

[Event "4NCL/Div3/AMCAR vs. NOTT2"]
[Site "Hinckley Island ENG"]
[Date "2010.01.17"]
[Round "4.5"]
[White "McLaughlin, Noel S"]
[Black "Taylor, Robert P"]
[Result "1/2-1/2"]
[WhiteElo "2022"]
[BlackElo "1978"]
[PlyCount "46"]
[EventDate "2010.01.17"]
[SourceDate "2009.10.24"]

1. Nf3 d5 2. c4 d4 3. g3 c5 4. Bg2 Nc6 5. O-O Nf6 6. d3 e5 7. e3 Be7 8. exd4
exd4 9. Na3 O-O 10. Re1 a6 11. Nc2 Bd7 12. b4 cxb4 13. Ncxd4 Nxd4 14. Nxd4 Bg4
15. Nf3 b5 16. Bb2 bxc4 17. dxc4 Qc7 18. Rc1 Rac8 19. Be5 Qb6 20. h3 Be6 21.
Bf1 Rfd8 22. Qe2 Nd7 23. Ba1 Bf6 1/2-1/2

[Event "4NCL/Div3/AMCAR vs. NOTT2"]
[Site "Hinckley Island ENG"]
[Date "2010.01.17"]
[Round "4.6"]
[White "Hill, Maurice J"]
[Black "Stille, Alexander M"]
[Result "1/2-1/2"]
[WhiteElo "1802"]
[BlackElo "2054"]
[PlyCount "49"]
[EventDate "2010.01.17"]
[SourceDate "2009.10.24"]

1. c4 c6 2. Nf3 Nf6 3. g3 d5 4. b3 Bf5 5. Bb2 e6 6. Bg2 Bd6 7. O-O a5 8. d4 O-O
9. Nbd2 Nbd7 10. Ne5 Qe7 11. Ndf3 Rfd8 12. e3 Ne8 13. Qe2 a4 14. Nxd7 Rxd7 15.
Ne5 Bxe5 16. dxe5 dxc4 17. e4 Bg6 18. bxc4 Rad8 19. Bc3 Qc5 20. a3 Rd3 21. Rfc1
Nc7 22. Bf1 Na6 23. Qe1 R3d7 24. Kg2 Qe7 25. Ba5 1/2-1/2

[Event "4NCL/Div3/HACK vs. FCA2"]
[Site "Hinckley Island ENG"]
[Date "2010.01.17"]
[Round "4.1"]
[White "Reid, John"]
[Black "Fraser-Mitchell, Jeremy N"]
[Result "0-1"]
[WhiteElo "2266"]
[BlackElo "2002"]
[PlyCount "120"]
[EventDate "2010.01.17"]
[SourceDate "2009.10.24"]

1. d4 Nf6 2. c4 c5 3. d5 e5 4. Nc3 d6 5. e4 Be7 6. g3 O-O 7. Bg2 Nbd7 8. Nge2
Ne8 9. O-O g6 10. Bh6 Ng7 11. f4 Rb8 12. f5 a6 13. a4 Bg5 14. Bxg5 Qxg5 15. Qd3
Nf6 16. Bh3 Nge8 17. Qf3 h5 18. Rad1 Qh6 19. Rf2 g5 20. Bf1 Kg7 21. Rb1 Rh8 22.
b4 cxb4 23. Rxb4 Nd7 24. Nc1 g4 25. Qd1 Nef6 26. Nd3 Qe3 27. Qd2 Qxd2 28. Rxd2
b6 29. a5 b5 30. Rdb2 bxc4 31. Rxb8 Nxb8 32. Rxb8 cxd3 33. Bxd3 Nd7 34. Rb4 Kf6
35. Na4 Ke7 36. Rc4 Kd8 37. Rc6 Ke7 38. Bxa6 Bxa6 39. Rxa6 Rb8 40. Ra7 Ke8 41.
Ra6 Ke7 42. Nb6 Nc5 43. Ra7+ Ke8 44. f6 Rd8 45. Na8 Rd7 46. Rxd7 Kxd7 47. Nb6+
Kc7 48. Kf2 Nxe4+ 49. Ke3 Nxf6 50. Kd3 Nd7 51. Nc4 Nc5+ 52. Kc3 f5 53. Kd2 f4
54. gxf4 exf4 55. Ke2 Ne4 56. Kf1 h4 57. Kg2 f3+ 58. Kf1 g3 59. hxg3 hxg3 60.
Kg1 Nc3 0-1

[Event "4NCL/Div3/HACK vs. FCA2"]
[Site "Hinckley Island ENG"]
[Date "2010.01.17"]
[Round "4.2"]
[White "Freeman, Richard CP"]
[Black "Chin, Francis CW"]
[Result "1/2-1/2"]
[WhiteElo "2061"]
[BlackElo "2223"]
[PlyCount "112"]
[EventDate "2010.01.17"]
[SourceDate "2009.10.24"]

1. d4 d5 2. Bf4 c6 3. e3 Bf5 4. Nf3 e6 5. Nbd2 Nf6 6. Ne5 Nbd7 7. Ndf3 Be7 8.
Be2 O-O 9. O-O Rc8 10. h3 Ne4 11. Bh2 Bd6 12. Nxd7 Qxd7 13. Bxd6 Qxd6 14. Nd2
Nf6 15. Nb3 Rfe8 16. Bd3 Ne4 17. c3 e5 18. Qc2 Bg6 19. Nd2 exd4 20. exd4 Re7
21. f3 Ng3 22. Bxg6 Nxf1 23. Bxh7+ Kh8 24. Nxf1 g6 25. Bxg6 Qxg6 26. Qxg6 fxg6
27. Kf2 Rce8 28. Ng3 Kg7 29. h4 Kf6 30. Rh1 Rh7 31. Ne2 Reh8 32. g3 b6 33. Nf4
Kf5 34. Re1 g5 35. Re5+ Kf6 36. hxg5+ Kg7 37. Re7+ Kf8 38. Rxh7 Rxh7 39. g6
Rh2+ 40. Ng2 Kg7 41. Kg1 Rh3 42. Nf4 Rh8 43. Nd3 Rc8 44. Ne5 c5 45. dxc5 bxc5
46. Kf2 c4 47. Ke3 Rb8 48. Kd4 Rxb2 49. Kxd5 Rxa2 50. Nxc4 a5 51. Kc5 Kxg6 52.
Kb5 Rc2 53. Kxa5 Rxc3 54. Kb4 Rxf3 55. Ne5+ Kg5 56. Nxf3+ Kg4 1/2-1/2

[Event "4NCL/Div3/HACK vs. FCA2"]
[Site "Hinckley Island ENG"]
[Date "2010.01.17"]
[Round "4.3"]
[White "Ociepka, Adrian"]
[Black "Valentine, Brian J"]
[Result "1/2-1/2"]
[WhiteElo "2127"]
[BlackElo "1983"]
[PlyCount "75"]
[EventDate "2010.01.17"]
[SourceDate "2009.10.24"]

1. e4 e5 2. Nf3 Nc6 3. Bb5 a6 4. Ba4 Nf6 5. O-O Bc5 6. c3 b5 7. Bb3 d6 8. d4
Bb6 9. a4 Bb7 10. Re1 O-O 11. Na3 h6 12. Bc2 Re8 13. Qd3 exd4 14. axb5 Ne5 15.
Nxe5 dxe5 16. Qg3 Kh8 17. Nc4 Qe7 18. Nxb6 cxb6 19. cxd4 exd4 20. bxa6 Rxa6 21.
Rxa6 Qb4 22. Rd1 Bxa6 23. e5 d3 24. Bxd3 Bxd3 25. Qxd3 Rxe5 26. h3 Re1+ 27. Kh2
Rxd1 28. Qxd1 Qc4 29. Qd8+ Kh7 30. Be3 b5 31. Qd4 Nd5 32. Qxc4 bxc4 33. Bd4 g5
34. g4 Kg6 35. Kg3 f5 36. Kf3 h5 37. gxh5+ Kxh5 38. Kg3 1/2-1/2

[Event "4NCL/Div3/HACK vs. FCA2"]
[Site "Hinckley Island ENG"]
[Date "2010.01.17"]
[Round "4.4"]
[White "Elwin, Adrian G"]
[Black "Walker, Nicholas P"]
[Result "1/2-1/2"]
[WhiteElo "2013"]
[BlackElo "2010"]
[PlyCount "118"]
[EventDate "2010.01.17"]
[SourceDate "2009.10.24"]

1. d4 d5 2. c4 Nc6 3. e3 e5 4. cxd5 Qxd5 5. Nc3 Bb4 6. a3 Bxc3+ 7. bxc3 Nf6 8.
c4 Qd6 9. d5 Ne7 10. Bb2 O-O 11. Nf3 Ng6 12. Be2 Bg4 13. Nd2 Bxe2 14. Qxe2 c6
15. dxc6 Qxc6 16. O-O Rad8 17. Nf3 Qe4 18. Rfd1 Nf4 19. Qf1 Nd3 20. Rxd3 Qxd3
21. Qxd3 Rxd3 22. Nxe5 Rd2 23. Bd4 Rd8 24. f3 b6 25. Nc6 Rd7 26. Rc1 Rc7 27.
Nb4 h5 28. Rc3 Kh7 29. h3 Rc8 30. Na6 Nd7 31. Nb4 f6 32. Nd5 Ne5 33. Bxe5 fxe5
34. e4 Rd4 35. Ne3 Rc5 36. Rb3 g6 37. h4 Kg7 38. Kh2 Kf7 39. Kh3 Ke6 40. g4 Kd7
41. Kg3 Rd2 42. Kh3 Ke6 43. Kg3 Ra5 44. gxh5 gxh5 45. Nf5 Kf6 46. Rc3 Ra2 47.
Rd3 R2xa3 48. Rd6+ Kf7 49. Rh6 Rd3 50. Rxh5 Raa3 51. Rh7+ Kg8 52. Rb7 Rxf3+ 53.
Kg4 Kf8 54. h5 Rf1 55. Kg5 Ke8 56. h6 Rh1 57. Kf6 Kd8 58. Ke6 a5 59. Rd7+ Kc8
1/2-1/2

[Event "4NCL/Div3/HACK vs. FCA2"]
[Site "Hinckley Island ENG"]
[Date "2010.01.17"]
[Round "4.5"]
[White "Shaw, Dashiell L"]
[Black "Matthews, Adrian MS"]
[Result "1/2-1/2"]
[WhiteElo "1910"]
[BlackElo "1936"]
[PlyCount "46"]
[EventDate "2010.01.17"]
[SourceDate "2009.10.24"]

1. e4 c5 2. Nf3 Nc6 3. d4 cxd4 4. Nxd4 Nf6 5. Nc3 e5 6. Ndb5 d6 7. Bg5 a6 8.
Na3 b5 9. Nd5 Be7 10. Bxf6 Bxf6 11. c3 O-O 12. Nc2 Rb8 13. Ncb4 Nxb4 14. Nxb4
Bb7 15. Nd5 Bxd5 16. Qxd5 Qb6 17. Be2 b4 18. c4 Qd4 19. Rb1 Qxd5 20. cxd5 a5
21. b3 Bd8 22. O-O Bb6 23. Rbc1 Bc5 1/2-1/2

[Event "4NCL/Div3/HACK vs. FCA2"]
[Site "Hinckley Island ENG"]
[Date "2010.01.17"]
[Round "4.6"]
[White "Adebajo, Olufemi"]
[Black "Rigby Zeghlache, Elyes R"]
[Result "1-0"]
[WhiteElo "1952"]
[BlackElo "1770"]
[PlyCount "57"]
[EventDate "2010.01.17"]
[SourceDate "2009.10.24"]

1. e4 e6 2. d4 d5 3. Nd2 Nf6 4. e5 Nfd7 5. Bd3 c5 6. c3 Nc6 7. Ngf3 a6 8. O-O
b5 9. Qe2 Be7 10. Re1 Rb8 11. Nf1 b4 12. Ng3 Qa5 13. Bd2 c4 14. Bc2 bxc3 15.
Bxc3 Bb4 16. Qe3 Nb6 17. Nh5 Bxc3 18. bxc3 g6 19. Nf6+ Ke7 20. Ng5 h6 21. Ngh7
Bd7 22. Qxh6 Qxc3 23. Bxg6 Nxd4 24. Qg7 Rhc8 25. Qxf7+ Kd8 26. Qf8+ Kc7 27.
Qd6+ Kb7 28. Nxd7 Rc6 29. Qxb8# 1-0

[Event "4NCL/Div3/RHYE vs. SCS"]
[Site "Hinckley Island ENG"]
[Date "2010.01.17"]
[Round "4.1"]
[White "Williams, Leighton"]
[Black "Bogoda, Sagara T"]
[Result "1-0"]
[WhiteElo "2400"]
[BlackElo "1874"]
[PlyCount "97"]
[EventDate "2010.01.17"]
[SourceDate "2009.10.24"]

1. d4 Nf6 2. c4 g6 3. Nc3 Bg7 4. e4 d6 5. Be2 O-O 6. Nf3 e5 7. d5 Ne8 8. Bg5
Bf6 9. Be3 Bg7 10. Nd2 f5 11. exf5 Bxf5 12. g4 Bc8 13. Nde4 Nd7 14. g5 Nb8 15.
Bg4 Bf5 16. Qe2 Qd7 17. f3 Qf7 18. O-O-O Bxg4 19. fxg4 Qf3 20. Qxf3 Rxf3 21.
Kd2 Bf8 22. h4 Nd7 23. h5 a6 24. a4 Be7 25. hxg6 hxg6 26. Rh6 Kg7 27. Rdh1 Nf8
28. a5 c5 29. Na4 Bd8 30. Ke2 Rf7 31. Bd2 Rc8 32. R6h3 Kg8 33. Rh8+ Kg7 34. Bc3
Re7 35. Nf6 Bc7 36. Rg8+ Kf7 37. Rhh8 Nxf6 38. gxf6 Kxf6 39. Rxf8+ Rxf8 40.
Rxf8+ Rf7 41. Rxf7+ Kxf7 42. g5 Bd8 43. Bd2 Kf8 44. Kf3 Kf7 45. Kg4 Kf8 46. b4
cxb4 47. Bxb4 Ke7 48. c5 dxc5 49. Nxc5 1-0

[Event "4NCL/Div3/RHYE vs. SCS"]
[Site "Hinckley Island ENG"]
[Date "2010.01.17"]
[Round "4.2"]
[White "Gedvilas, Arunas"]
[Black "Jones, Richard S"]
[Result "0-1"]
[WhiteElo "1938"]
[BlackElo "2321"]
[PlyCount "195"]
[EventDate "2010.01.17"]
[SourceDate "2009.10.24"]

1. e4 c5 2. Nf3 d6 3. d4 cxd4 4. Nxd4 Nf6 5. Nc3 a6 6. Bc4 e6 7. O-O b5 8. Bd3
Be7 9. a3 Bb7 10. Be3 O-O 11. f3 Nbd7 12. Qe1 Rc8 13. Qf2 Ne5 14. Kh1 Nc4 15.
Bxc4 Rxc4 16. Rad1 Qb8 17. Nb3 d5 18. Ba7 Qc8 19. e5 Nd7 20. Na5 Rxc3 21. bxc3
Nxe5 22. Nxb7 Qxb7 23. Bc5 Nc4 24. Ra1 Bxc5 25. Qxc5 Rc8 26. Qd4 Nb6 27. Rfb1
Qc6 28. Rb4 Qxc3 29. Qxc3 Rxc3 30. a4 h5 31. axb5 axb5 32. Rxb5 Nc4 33. Ra2 g5
34. Kg1 Ne3 35. Rb3 d4 36. Rxc3 dxc3 37. Kf2 Nd5 38. Ra4 Kg7 39. g3 Kf6 40. h4
gxh4 41. Rxh4 Kg5 42. Ra4 f5 43. Rc4 Kg6 44. Rc6 Kf6 45. f4 Ke7 46. Rc4 Kd6 47.
Ke2 e5 48. fxe5+ Kxe5 49. Rh4 Nf6 50. Kf3 Ke6 51. Kf4 Nd5+ 52. Kg5 Ne3 53. Rh2
Ke5 54. Kxh5 Ke4 55. Rf2 Nd5 56. Kg5 Ke3 57. Rxf5 Nb4 58. Re5+ Kd2 59. Re4 Nxc2
60. Kf4 Ne3 61. Rd4+ Ke2 62. Rd8 c2 63. Rc8 Kd3 64. Rd8+ Kc3 65. Kxe3 c1=Q+ 66.
Kf3 Qg5 67. Rf8 Qd5+ 68. Kg4 Qe6+ 69. Rf5 Kd4 70. Kg5 Qg8+ 71. Kf4 Qb8+ 72. Kg4
Ke3 73. Rf4 Qg8+ 74. Kh4 Qg6 75. Kh3 Qg5 76. Kh2 Qh6+ 77. Kg2 Qh5 78. Rf8 Qg6
79. Rf4 Qh5 80. Rf8 Qd5+ 81. Kh3 Qe6+ 82. Kg2 Qc6+ 83. Kg1 Qd6 84. Rf4 Qd2 85.
Kh1 Qc2 86. Kg1 Qh7 87. Kg2 Qh5 88. Rf8 Qd5+ 89. Kh2 Qa2+ 90. Kh3 Qe6+ 91. Kg2
Qc6+ 92. Kg1 Qh6 93. Ra8 Kf3 94. Ra3+ Kg4 95. Ra4+ Kxg3 96. Ra3+ Kf4 97. Ra2
Qg6+ 98. Kf1 0-1

[Event "4NCL/Div3/RHYE vs. SCS"]
[Site "Hinckley Island ENG"]
[Date "2010.01.17"]
[Round "4.3"]
[White "Kett, Timothy J"]
[Black "Clarke, Sean A"]
[Result "1-0"]
[WhiteElo "2238"]
[BlackElo "1786"]
[PlyCount "53"]
[EventDate "2010.01.17"]
[SourceDate "2009.10.24"]

1. e4 e6 2. d4 d5 3. Nc3 dxe4 4. Nxe4 Be7 5. Nf3 Nf6 6. Bd3 Nbd7 7. O-O Nxe4 8.
Bxe4 Nf6 9. Bd3 O-O 10. Ne5 c5 11. dxc5 Bxc5 12. Bg5 Be7 13. Qe2 Nd5 14. Bd2
Qc7 15. Rad1 Bd6 16. f4 b6 17. c4 Bc5+ 18. Kh1 Nf6 19. Bc3 Bb7 20. f5 Rae8 21.
Ng4 Nxg4 22. Qxg4 f6 23. fxe6 Qc6 24. Rde1 Be7 25. Rf3 Rd8 26. Rg3 g5 27. Bxh7+
1-0

[Event "4NCL/Div3/RHYE vs. SCS"]
[Site "Hinckley Island ENG"]
[Date "2010.01.17"]
[Round "4.4"]
[White "Lutton, J Arnold"]
[Black "Morris, Gareth L"]
[Result "0-1"]
[WhiteElo "1823"]
[BlackElo "2147"]
[PlyCount "106"]
[EventDate "2010.01.17"]
[SourceDate "2009.10.24"]

1. Nf3 Nf6 2. d4 c5 3. d5 e6 4. dxe6 fxe6 5. b3 Be7 6. Bb2 O-O 7. e3 b6 8. c4
Bb7 9. Bd3 Qe8 10. Nbd2 Qh5 11. Qe2 Nc6 12. O-O-O a6 13. Ne1 Nb4 14. Qxh5 Nxd3+
15. Nxd3 Nxh5 16. Rhg1 Nf6 17. g4 Ne4 18. f4 g5 19. Nxe4 Bxe4 20. Nf2 Bc6 21.
Be5 b5 22. Rd2 Ra7 23. Nh3 gxf4 24. Nxf4 bxc4 25. bxc4 Rb7 26. Rb2 Rxb2 27.
Kxb2 d6 28. Bc3 Rb8+ 29. Kc2 Be4+ 30. Kd2 e5 31. Nd5 Bg5 32. Rf1 Rf8 33. Rxf8+
Kxf8 34. Nc7 Kf7 35. Ke2 Bd8 36. Nd5 Kg6 37. Be1 Kg5 38. Nc3 Bc6 39. h3 Bg2 40.
Kf2 Bxh3 41. Ne4+ Kxg4 42. Nxd6 Bh4+ 43. Ke2 Bxe1 44. Kxe1 Kf3 45. Nf7 Kxe3 46.
Nxe5 Kd4 47. Nf3+ Kxc4 48. Ng5 Bf5 49. Kd2 Kb4 50. Kc1 Ka3 51. Kd2 Kb2 52. Nf3
c4 53. Nd4 c3+ 0-1

[Event "4NCL/Div3/RHYE vs. SCS"]
[Site "Hinckley Island ENG"]
[Date "2010.01.17"]
[Round "4.5"]
[White "Brown, Tom"]
[Black "Fonseca, Antonio JS"]
[Result "1-0"]
[WhiteElo "2051"]
[BlackElo "1786"]
[PlyCount "47"]
[EventDate "2010.01.17"]
[SourceDate "2009.10.24"]

1. d4 d5 2. c4 e6 3. Nc3 Nf6 4. Nf3 Bb4 5. Bg5 O-O 6. a3 Bxc3+ 7. bxc3 dxc4 8.
e4 h6 9. Bxf6 Qxf6 10. Bxc4 c5 11. O-O Nc6 12. e5 Qe7 13. Qe2 a6 14. Qe4 g6 15.
Qe3 Kg7 16. dxc5 Bd7 17. Rad1 Rfc8 18. Rd6 Na5 19. Ba2 Bc6 20. Rfd1 Bxf3 21.
Qxf3 Rxc5 22. Rd7 Qe8 23. Qf6+ Kg8 24. Bxe6 1-0

[Event "4NCL/Div3/RHYE vs. SCS"]
[Site "Hinckley Island ENG"]
[Date "2010.01.17"]
[Round "4.6"]
[White "Bogoda, Nathasha O"]
[Black "Smith, Olivia"]
[Result "0-1"]
[WhiteElo "1658"]
[BlackElo "2026"]
[PlyCount "98"]
[EventDate "2010.01.17"]
[SourceDate "2009.10.24"]

1. d4 Nf6 2. c4 e5 3. dxe5 Ng4 4. Nf3 Bc5 5. e3 Nc6 6. Be2 O-O 7. h3 Ngxe5 8.
O-O Re8 9. b3 a5 10. Nc3 Bf8 11. Bb2 Nxf3+ 12. Bxf3 Ne5 13. Be4 Ra6 14. Qc2 Rh6
15. Ne2 d6 16. Ng3 Qg5 17. Bf5 Bxf5 18. Qxf5 Qxf5 19. Nxf5 Rg6 20. Rad1 Nc6 21.
Bc3 b6 22. Nd4 Nxd4 23. exd4 Rge6 24. Rfe1 f5 25. Rxe6 Rxe6 26. Re1 Re7 27.
Rxe7 Bxe7 28. f4 Bf6 29. Kf2 Kf7 30. g4 g6 31. g5 Bg7 32. Ke3 h6 33. h4 hxg5
34. hxg5 Ke7 35. Kd3 Kd7 36. a3 Bf8 37. b4 axb4 38. axb4 d5 39. cxd5 b5 40. Ke3
Kd6 41. Kd3 Kxd5 42. Be1 Bd6 43. Bd2 c6 44. Ke3 Kc4 45. Be1 Bxb4 46. Bxb4 Kxb4
47. Kd3 Ka3 48. Kc2 b4 49. Kb1 b3 0-1